| 000 | 01286nam0a2200373 4500 | ||
|---|---|---|---|
| 001 | RU\NLR\bibl\297547 | ||
| 005 | 20250620144220.0 | ||
| 010 |
_a5-318-00123-X _96000 |
||
| 021 |
_aRU _b2002-18011 _9904 |
||
| 035 | _a(NLR Aleph) 000292857 | ||
| 090 |
_a1715009 _c1715009 |
||
| 100 | _a20020806d2002 |||y0rusy50 ca | ||
| 101 | 1 |
_arus _ceng |
|
| 102 | _aRU | ||
| 105 | _ay ||||||||| | ||
| 200 | 1 |
_a500 лучших советов тренеру _fФил Рейс, Бренда Смит _g[Пер. с англ. А. Гурова] |
|
| 210 |
_aСПб. и др. _cПитер _cПитер принт _d2002 |
||
| 215 |
_a127 с. _d21 |
||
| 225 | 1 | _aСерия "Эффективный тренинг" | |
| 606 | 0 |
_aТренинг социально-психологический _91707464 _3RU\NLR\auth\661058439 |
|
| 610 | 0 | _aДеловые игры | |
| 610 | 0 | _aПрофессиональная деятельность | |
| 675 |
_a159.98 _v3 _zrus |
||
| 686 |
_a15 _2rugasnti |
||
| 686 |
_a88.4 _2rubbk |
||
| 686 | _aС550.353 | ||
| 700 | 1 |
_aРейс _bФ. _gФил _4070 |
|
| 701 | 1 |
_aСмит _bБ. _gБренда _4070 |
|
| 801 | 0 |
_aRU _bRKP _c20020806 _gPSBO |
|
| 801 | 1 |
_aRU _bRKP _c20020806 |
|
| 801 | 2 |
_aRU _bNLR _c20021009 _grcr |
|
| 942 | _cBOOK | ||
| 980 | _aNB | ||